Countries Closest to Iraq - Statistics

General Stats
  • This quiz has been taken 34 times
  • The average score is 18 of 20
Answer Stats
Distance Country % Correct
0 Iran
100%
268 Israel
100%
0 Turkey
100%
226 Armenia
97%
416 Georgia
97%
0 Jordan
97%
0 Kuwait
97%
856 Oman
97%
0 Saudi Arabia
97%
0 Syria
97%
214 Azerbaijan
94%
470 Egypt
94%
223 Lebanon
94%
693 United Arab Emirates
94%
445 Bahrain
91%
498 Qatar
91%
463 Cyprus
88%
509 Russia
88%
690 Turkmenistan
75%
841 Kazakhstan
59%
No matching quizzes found
Score Distribution
Percent of People with Each Score
Percentile by Number Answered
Your Score History
You have not taken this quiz